[Event "Bratislava Slovan op"]
[Site "Bratislava"]
[Date "1990.??.??"]
[Round "9"]
[White "Szymczak, Zbigniew"]
[Black "Foigel, Ivan"]
[Result "1/2-1/2"]
[WhiteElo "2345"]
[BlackElo "2370"]
[PlyCount "122"]
[EventDate "1990.05.??"]
[EventType "swiss"]
[EventRounds "11"]
[EventCountry "CSR"]
[SourceTitle "EXT 2001"]
[Source "ChessBase"]
[SourceDate "2000.11.22"]
[SourceVersion "1"]
[SourceVersionDate "2000.11.22"]
[SourceQuality "1"]

1. d4 Nf6 2. c4 g6 3. Nc3 Bg7 4. Nf3 0-0 5. Bg5 d6 6. e3 a5 7. Be2 Na6 8. 0-0 Qe8 9. Nd2 Nd7 10. Nb3 b6 11. Rc1 Bb7 12. Bf3 Bxf3 13. Qxf3 e6 14. Rfd1 h6 15. Bh4 f5 16. Qe2 g5 17. Bg3 Nf6 18. f3 a4 19. Na1 e5 20. dxe5 dxe5 21. Nc2 Rf7 22. Na3 Bf8 23. Nab5 a3 24. Nxa3 Bxa3 25. bxa3 Nc5 26. Nb5 Re7 27. Qb2 Rc8 28. Rc2 Re6 29. Rcd2 Qe7 30. Qb1 Rf8 31. Kh1 Nh5 32. Nc3 Qf7 33. Rd8 Ree8 34. Rxe8 Rxe8 35. Qb5 Qe6 36. Na4 Nxa4 37. Qxa4 Nf6 38. Qb5 c5 39. a4 f4 40. Bf2 e4 41. exf4 exf3 42. Qb3 fxg2+ 43. Kg1 gxf4 44. Re1 Ne4 45. Qf3 Kh7 46. Qxf4 Re7 47. Qf3 Qxc4 48. Qf5+ Kg7 49. Kxg2 Qf7 50. Qxf7+ Kxf7 51. Bh4 Re6 52. Bd8 Rg6+ 53. Kf3 Nd2+ 54. Ke2 Nc4 55. Rc1 Re6+ 56. Kf3 Ne5+ 57. Kg2 Nd3 58. Rb1 Nb4 59. a3 Nd5 60. a5 bxa5 61. Bxa5 Re2+ 1/2-1/2